Hanging Around in the Movies Quiz Stats

 Plays Quiz Updated Jul 24, 2016

Challenge
Share
Tweet
Score 0/20 Timer 05:00
0 Plays Today
% Correct
The Lion King
99.5%
Mission: Impossible
89.1%
WALL·E
87.6%
Spider-Man 3
83%
The Hunchback of Notre Dame
81.5%
Gravity
81%
Die Hard
79.8%
Harry Potter and the Sorcerer's Stone
77.7%
Back to the Future
77.7%
The Lord of the Rings: The Return of the King
76.1%
% Correct
The Matrix
75.1%
Indiana Jones and the Last Crusade
72%
The Emperor's New Groove
65.5%
Star Wars: Episode V - The Empire Strikes Back
63.6%
Hugo
46.8%
North by Northwest
45.8%
Cliffhanger
39.8%
Blade Runner
38%
Vertigo
29.7%
A Fish Called Wanda
25.9%

You're not logged in!

Compare scores with friends on all Sporcle quizzes.
Join for Free
OR
Log In

You Might Also Like...

Show Comments

Extras

Top Quizzes Today


Score Distribution

Your Account Isn't Verified!

In order to create a playlist on Sporcle, you need to verify the email address you used during registration. Go to your Sporcle Settings to finish the process.

Report this User

Report this user for behavior that violates our Community Guidelines.

Details: